სწავლის ფსიქოლოგიის საკითხები განწყობის თეორიის თვალსაზრისით. (ბიბ.ჩანაწერი № 62580)
[ მარტივი ფორმატი ]
| 000 -ლიდერი | |
|---|---|
| ფიქსირებული სიგრძის საკონტროლო ველი | 01307nam a22002297a 4500 |
| 003 - საკონტროლო ნომრის იდენტიფიკატორი | |
| საკონტროლო ველი | Ge_BSU |
| 005 - ბოლო ოპერაციის თარიღი და დრო | |
| საკონტროლო ველი | 20241210114608.0 |
| 008 - ფიქსირებული სიგრძის მონაცემთა ელემენტები - ზოგადი ინფორმაცია | |
| ფიქსირებული სიგრძის საკონტროლო ველი | 241210s2024 ge ||||| |||| 00| 0 geo d |
| 020 ## - წიგნის საერთაშორისო სტანდარტული ნომერი | |
| International Standard Book Number | 9789941336805 |
| 041 ## - ენის კოდი | |
| Language code of text/sound track or separate title | geo |
| 080 ## - უნივერსალური ათობითი კლასიფიკაციის ინდექსი | |
| Universal Decimal Classification number | 159.937 მ-40 |
| 100 ## - მთავარი ჩანაწერი - პიროვნების სახელი | |
| Personal name | მაღრაძე, მერაბ |
| 9 (RLIN) | 2791 |
| 245 ## - ცნობა სათაურის შესახებ | |
| Title | სწავლის ფსიქოლოგიის საკითხები განწყობის თეორიის თვალსაზრისით. |
| Remainder of title | (დამხმარე სახ-ლო კურსისთვის "განათლების ფსიქოლოგია") / |
| Statement of responsibility, etc | მერაბ მაღრაძე; რედ. რამაზ საყვარელიძე; თსუ. |
| 264 ## - წარმოების, გამოცემის, დისტრიბუციის და სხვა ცნობები | |
| გამოცემის, წარმოების, დისტრიბუციის... ადგილი | თბილისი : |
| გამოცემის, წარმოების, დისტრიბუციის... სახელწოდება | უნივერსალი, |
| გამოცემის, წარმოების, დისტრიბუციის... თარიღი | 2024. |
| 300 ## - ფიზიკური აღწერა | |
| Extent | 205 გვ. ; |
| Other physical details | 20 სმ. |
| 490 ## - სერიის ცნობა | |
| Series statement | ფსიქოლოგიური განწყობის კვლევს და კორექციის ცენტრი |
| 653 ## - INDEX TERM--UNCONTROLLED | |
| Uncontrolled term | ფსიქოლოგია |
| 653 ## - INDEX TERM--UNCONTROLLED | |
| Uncontrolled term | განწყობის თეორია |
| 700 ## - ADDED ENTRY--PERSONAL NAME | |
| Personal name | საყვარელიძე, რამაზ |
| Relator term | რედაქტორი |
| 9 (RLIN) | 2792 |
| 773 ## - HOST ITEM ENTRY | |
| Title | ნაჩუქარი |
| 942 ## - ADDED ENTRY ELEMENTS (KOHA) | |
| Source of classification or shelving scheme | |
| Koha item type | წიგნი |
